000 00829nam a2200229Ii 4500
003 JO-AjNU
008 230605s9999||||xx |||||||||||||| ||und||
017 _a2003/4/594
020 _a9957-11-344-5
040 _aJO-AjNU
_bara
_erda
_cJO-AjNU
041 _aara
050 1 4 _aHD53.N35.2003
100 3 _aنجم،عبود نجم,
_eauthor
_929164
245 0 0 _aادارة الابتكار:المفاهيم والخصائص والتجارب الحديثة
250 _aط1
264 3 1 _aعمان:دار وائل للنشر والتوزيع،2003
300 _a393ص
336 _atext
_btxt
_2rdacontent
337 _aunmediated
_bn
_2rdamedia
338 _avolume
_bnc
_2rdacarrier
650 4 _aادارة الاعمال- ادارة الافراد-سياسة العمل-الابداعية-العمل والعمال
_929165
999 _aA11403
_c14971
_d14971